Zmeny v právnej úprave záložného práva
Zmeny v zákone č. 526/2002, ktorým sa mení a dopĺňa Občiansky zákonník v znení neskorších predpisov prinášajú komplexné zmeny v úprave záložného práva. Vznik záložného práva podľa spomínanej právnej úpravy. Predmet záložného práva. Výkon záložného práva. Poistenie zálohu. Zánik záložného práva. Prak...
Enregistré dans:
| Auteur principal: | |
|---|---|
| Format: | Chapitre de livre |
| Langue: | slovaque |
| Sujets: | |
| Tags: |
Pas de tags, Soyez le premier à ajouter un tag!
|
MARC
| LEADER | 00000naa a2200000 4500 | ||
|---|---|---|---|
| 001 | r047742 | ||
| 005 | 20231002123931.9 | ||
| 041 | 0 | |a slo | |
| 044 | |a SK | ||
| 245 | 1 | 0 | |a Zmeny v právnej úprave záložného práva |c Iveta Vajdová |
| 520 | |a Zmeny v zákone č. 526/2002, ktorým sa mení a dopĺňa Občiansky zákonník v znení neskorších predpisov prinášajú komplexné zmeny v úprave záložného práva. Vznik záložného práva podľa spomínanej právnej úpravy. Predmet záložného práva. Výkon záložného práva. Poistenie zálohu. Zánik záložného práva. Praktické príklady. | ||
| 610 | 2 | 0 | |a právo záložné |
| 610 | 2 | 0 | |a zákonník občiansky |
| 610 | 2 | 0 | |a úpravy právne |
| 610 | 2 | 0 | |a pohľadávky |
| 610 | 2 | 0 | |a veritelia |
| 610 | 2 | 0 | |a zákony |
| 610 | 2 | 0 | |a novelizácia |
| 610 | 2 | 0 | |a Slovensko |
| 100 | 1 | |a Vajdová, Iveta | |